000 00430nam a2200157Ia 4500
008 210716s2010 xx 000 0 und d
020 _a9780070144521
041 _aeng
082 _a004.602 HARB
100 _aHarwani, B M.
245 _aDeveloping web applications in PHP and AJAX.
250 _a1
260 _aNew Delhi
_bTata McGraw Hill Education Private Limited
_c2010
300 _axvi,414
650 _aPHP Programming
999 _c190724
_d190724